[Event "174th YMCA Autumn A"]
[Site "Warsaw"]
[Date "2016.12.15"]
[Round "12"]
[White "Borowy, Cezary"]
[Black "Kaczmarska, Joanna"]
[Result "0-1"]
[WhiteElo "2019"]
[BlackElo "1862"]
[PlyCount "46"]
[EventDate "2016.09.22"]
[EventType "tourn"]
[EventRounds "1"]
[EventCountry "POL"]
[SourceDate "2016.09.23"]

1. e4 e5 2. Nf3 Nc6 3. d4 exd4 4. Nxd4 Nf6 5. Nxc6 bxc6 6. Qe2 Qe7 7. Nc3 d6 8.
Bf4 Ng4 9. O-O-O g6 10. Qd2 Bg7 11. f3 Ne5 12. Bh6 Bf6 13. h3 g5 14. f4 gxf4
15. Bxf4 Be6 16. Be3 Rb8 17. b3 a6 18. Re1 Rg8 19. Ne2 Bh4 20. Rd1 Bf6 21. Nd4
d5 22. Nxe6 Qa3+ 23. Kb1 Nd3 0-1

[Event "174th YMCA Autumn A"]
[Site "Warsaw"]
[Date "2016.11.03"]
[Round "12"]
[White "Kasperkiewicz, Pawel"]
[Black "Celinski, Kamil"]
[Result "1-0"]
[WhiteElo "1908"]
[BlackElo "1918"]
[PlyCount "105"]
[EventDate "2016.09.22"]
[EventType "tourn"]
[EventRounds "1"]
[EventCountry "POL"]
[SourceDate "2016.09.23"]

1. c4 e6 2. d4 d5 3. Nc3 c6 4. cxd5 exd5 5. Bf4 Nf6 6. e3 Bd6 7. Nge2 Bf5 8. h3
Na6 9. Bxd6 Qxd6 10. Ng3 Bg6 11. Bxa6 bxa6 12. O-O O-O 13. Na4 Ne4 14. Nxe4
Bxe4 15. Nc5 Bf5 16. Nxa6 Qg6 17. Nc5 Bxh3 18. Qf3 Bf5 19. Qf4 Rab8 20. b3 Rfe8
21. Rac1 Bh3 22. Qh2 Bg4 23. Qg3 Rbc8 24. f3 Bf5 25. Qxg6 Bxg6 26. Kf2 Re7 27.
Rc3 f6 28. Rfc1 Rce8 29. b4 f5 30. f4 Bf7 31. Re1 Rb8 32. Nd3 Be8 33. Rc5 Reb7
34. a3 Rb5 35. Rec1 a5 36. bxa5 Ra8 37. a4 Rbxa5 38. Rxa5 Rxa5 39. Nc5 Kf8 40.
Rb1 h6 41. Rb7 g5 42. Rh7 gxf4 43. exf4 h5 44. Kg3 Bf7 45. Rh6 Ke7 46. Rxc6 Be8
47. Re6+ Kf7 48. Re3 Ra8 49. Ra3 Bc6 50. a5 Rg8+ 51. Kh2 Rg4 52. Nd3 Ke6 53.
Ne5 1-0

[Event "174th YMCA Autumn A"]
[Site "Warsaw"]
[Date "2016.12.09"]
[Round "12"]
[White "Praczukowski, Stanislaw"]
[Black "Malicka, Maria"]
[Result "0-1"]
[WhiteElo "2100"]
[BlackElo "1901"]
[PlyCount "76"]
[EventDate "2016.09.22"]
[EventType "tourn"]
[EventRounds "1"]
[EventCountry "POL"]
[SourceDate "2016.09.23"]

1. e4 e5 2. Nf3 Nc6 3. d4 exd4 4. Bc4 Bc5 5. O-O Nge7 6. Ng5 d5 7. exd5 Ne5 8.
Bb3 h6 9. Ne4 Bb6 10. a4 a6 11. a5 Ba7 12. Bf4 N7g6 13. Bxe5 Nxe5 14. Qh5 Qe7
15. Ba4+ Bd7 16. f4 Nc4 17. Bxd7+ Qxd7 18. d6 cxd6 19. Nbd2 Ne3 20. Rf3 d5 21.
Nf2 O-O-O 22. Nd3 Qf5 23. Qh4 Rhe8 24. Rc1 Kb8 25. Nb3 Rc8 26. Qf2 f6 27. Qd2
Rc4 28. Rf2 Rec8 29. Na1 h5 30. Kh1 h4 31. Rf3 Qd7 32. Qf2 Qc7 33. b3 Rc3 34.
b4 Rxd3 35. b5 axb5 36. Rb1 Rc3 37. Rxb5 Qc4 38. Rb2 Nd1 0-1

[Event "174th YMCA Autumn A"]
[Site "Warsaw"]
[Date "2016.12.12"]
[Round "13"]
[White "Malicka, Maria"]
[Black "Goslawski, Michal"]
[Result "1/2-1/2"]
[WhiteElo "1901"]
[BlackElo "2153"]
[PlyCount "95"]
[EventDate "2016.09.23"]
[EventType "tourn"]
[EventRounds "1"]
[EventCountry "POL"]
[SourceDate "2016.10.05"]

1. e4 e5 2. Nf3 Nf6 3. Nxe5 d6 4. Nf3 Nxe4 5. Qe2 Qe7 6. d3 Nf6 7. Bg5 Nbd7 8.
Nc3 Qxe2+ 9. Bxe2 Be7 10. O-O c6 11. Rfe1 Nf8 12. Ne4 Nxe4 13. Bxe7 Kxe7 14.
dxe4 f6 15. Nd4 g5 16. Nf5+ Bxf5 17. exf5 Nd7 18. Ba6+ Ne5 19. Bxb7 Rab8 20.
Bxc6 Rxb2 21. Ba4 Rb4 22. Bb3 Rc8 23. Re2 Rd4 24. Kf1 h5 25. Rae1 d5 26. Re3
Kd6 27. g3 g4 28. c3 Rd2 29. R1e2 Rxe2 30. Kxe2 Kc5 31. Kf1 d4 32. cxd4+ Kxd4
33. Re1 Nf3 34. Rd1+ Ke5 35. Be6 Rc5 36. Kg2 Rb5 37. h3 a5 38. Bf7 Kxf5 39.
Bxh5 Ne5 40. Bxg4+ Nxg4 41. hxg4+ Kxg4 42. Rd4+ Kf5 43. g4+ Ke5 44. Ra4 Rc5 45.
f4+ Kd5 46. Kg3 Ke6 47. Rd4 Rc2 48. a4 1/2-1/2

[Event "174th YMCA Autumn A"]
[Site "Warsaw"]
[Date "2016.11.08"]
[Round "13"]
[White "Celinski, Kamil"]
[Black "Praczukowski, Stanislaw"]
[Result "0-1"]
[WhiteElo "1918"]
[BlackElo "2100"]
[PlyCount "82"]
[EventDate "2016.09.22"]
[EventType "tourn"]
[EventRounds "1"]
[EventCountry "POL"]
[SourceDate "2016.09.23"]

1. Nc3 d5 2. e4 e6 3. Nf3 d4 4. Ne2 c5 5. Ng3 Nc6 6. Bb5 Nge7 7. O-O a6 8.
Bxc6+ Nxc6 9. d3 Bd6 10. c3 O-O 11. Qe2 e5 12. Nd2 Be6 13. Qh5 g6 14. Qf3 b5
15. Nf5 dxc3 16. bxc3 b4 17. Nh6+ Kg7 18. Nb3 f6 19. Qe3 bxc3 20. Nxc5 Bxc5 21.
Qxc5 Nd4 22. Be3 Qd7 23. Rab1 Rfc8 24. Qa3 Rc6 25. Bxd4 exd4 26. Qc1 Bxa2 27.
Ra1 Bb3 28. f3 Be6 29. Rb1 a5 30. Ng4 Bxg4 31. fxg4 a4 32. g5 fxg5 33. Qxg5 c2
34. Qe5+ Kg8 35. Rb8+ Rxb8 36. Qxb8+ Qc8 37. Qf4 c1=Q 38. Qf7+ Kh8 39. Rxc1
Rxc1+ 40. Kf2 Qc2+ 41. Kg3 Qc7+ 0-1

[Event "174th YMCA Autumn A"]
[Site "Warsaw"]
[Date "2016.12.07"]
[Round "13"]
[White "Choroszej, Aleksander"]
[Black "Kasperkiewicz, Pawel"]
[Result "1-0"]
[WhiteElo "1967"]
[BlackElo "1908"]
[PlyCount "61"]
[EventDate "2016.09.22"]
[EventType "tourn"]
[EventRounds "1"]
[EventCountry "POL"]
[SourceDate "2016.09.23"]

1. d4 Nf6 2. c4 e6 3. Nc3 Bb4 4. f3 O-O 5. a3 Bxc3+ 6. bxc3 Ne8 7. e4 b6 8. Bd3
Ba6 9. f4 Nc6 10. Nf3 Na5 11. e5 f5 12. Qe2 Rc8 13. O-O c5 14. Bd2 cxd4 15.
cxd4 Bxc4 16. Bb4 d5 17. Bxf8 Kxf8 18. Ng5 Qd7 19. Nxh7+ Kg8 20. Ng5 Nb3 21.
Rad1 Nxd4 22. Qh5 Nb3 23. Bxc4 Rxc4 24. Rd3 Nc5 25. Rh3 Kf8 26. Nh7+ Ke7 27.
Qg5+ Kf7 28. Nf6 Qe7 29. Qh5+ Kf8 30. Qh8+ Kf7 31. Qg8+ 1-0

[Event "174th YMCA Autumn A"]
[Site "Warsaw"]
[Date "2016.10.28"]
[Round "13"]
[White "Kaczmarska, Joanna"]
[Black "Pajak, Jakub"]
[Result "1-0"]
[WhiteElo "1862"]
[BlackElo "1893"]
[PlyCount "71"]
[EventDate "2016.09.22"]
[EventType "tourn"]
[EventRounds "1"]
[EventCountry "POL"]
[SourceDate "2016.09.23"]

1. d4 d5 2. c4 e6 3. Nc3 c6 4. Nf3 dxc4 5. a4 Bb4 6. e3 b5 7. Ne5 Nf6 8. g3 Bb7
9. Bg2 Nd5 10. Bd2 Nd7 11. f4 Nxe5 12. fxe5 O-O 13. Nxd5 Bxd2+ 14. Qxd2 exd5
15. O-O a5 16. Rf4 b4 17. Raf1 Bc8 18. e4 Be6 19. Rh4 Qb6 20. h3 Rad8 21. Kh2
Rd7 22. Rf6 c3 23. bxc3 bxc3 24. Qxc3 dxe4 25. Bxe4 g6 26. Bg2 Rfd8 27. d5 cxd5
28. Qd2 h5 29. Qg5 Rc8 30. Rxh5 Qb1 31. Rh6 Kg7 32. Qh4 Rc4 33. Rh7+ Kf8 34.
Rh8+ Ke7 35. Rxe6+ Kxe6 36. Qf6# 1-0

[Event "174th YMCA Autumn A"]
[Site "Warsaw"]
[Date "2016.12.12"]
[Round "13"]
[White "Szymczak, Rafal"]
[Black "Borowy, Cezary"]
[Result "1/2-1/2"]
[WhiteElo "2007"]
[BlackElo "2019"]
[PlyCount "112"]
[EventDate "2016.09.22"]
[EventType "tourn"]
[EventRounds "1"]
[EventCountry "POL"]
[SourceDate "2016.09.23"]

1. d4 e6 2. Nf3 f5 3. c4 Nf6 4. Nc3 Bb4 5. Bd2 b6 6. a3 Bxc3 7. Bxc3 Bb7 8. b4
O-O 9. g3 Ne4 10. Qc2 Ng5 11. Bg2 Be4 12. Qd2 f4 13. Nxg5 Bxg2 14. Rg1 Qxg5 15.
Rxg2 d5 16. c5 Nd7 17. Kf1 c6 18. gxf4 Qxf4 19. Qxf4 Rxf4 20. e3 Rf7 21. Ke2 a5
22. Rgg1 a4 23. Rab1 b5 24. Rg2 Raf8 25. f4 Nf6 26. Rbg1 Ne4 27. Be1 g6 28. h4
Rf5 29. Rh1 Kf7 30. Kd3 Rg8 31. Rhg1 h6 32. Rg4 g5 33. hxg5 hxg5 34. fxg5 Rgxg5
35. Rxg5 Rxg5 36. Rf1+ Kg7 37. Ke2 Rg2+ 38. Kf3 Ra2 39. Rg1+ Kf7 40. Bg3 Rxa3
41. Be5 Nf6 42. Rf1 Kg6 43. Rg1+ Kf7 44. Rf1 Ne8 45. Rh1 Ke7 46. Rh7+ Kd8 47.
Bf4 Ra1 48. Bg5+ Kc8 49. Rh8 a3 50. Rxe8+ Kb7 51. Re7+ Ka6 52. Bf4 Rf1+ 53. Kg4
Rxf4+ 54. Kxf4 a2 55. Re8 Kb7 56. Re7+ Ka6 $11 1/2-1/2

[Event "174th YMCA Autumn A"]
[Site "Warsaw"]
[Date "2016.12.13"]
[Round "13"]
[White "Wojtaszewski, Piotr"]
[Black "Sadowski, Miroslaw"]
[Result "1/2-1/2"]
[WhiteElo "1998"]
[BlackElo "2100"]
[PlyCount "36"]
[EventDate "2016.09.22"]
[EventType "tourn"]
[EventRounds "1"]
[EventCountry "POL"]
[SourceDate "2016.09.23"]

1. c4 f5 2. Nc3 Nf6 3. g3 g6 4. Bg2 Bg7 5. d4 d6 6. Nf3 O-O 7. O-O Qe8 8. d5
Na6 9. Nd4 Nc5 10. Ncb5 Qd8 11. b4 a6 12. bxc5 axb5 13. cxd6 bxc4 14. dxe7 Qxe7
15. a4 Rd8 16. Qc2 Nxd5 17. Qxc4 c6 18. e3 Kh8 $11 1/2-1/2